اضواء على مسلك التوحيد (الدرزية)
| Main Authors: | , |
|---|---|
| Format: | Book |
| Published: |
Bayrut :
Dar Sadir ,
1966
|
| Subjects: |
MARC
| LEADER | 00000cam a2200000 7i4500 | ||
|---|---|---|---|
| 001 | 0000007602 | ||
| 005 | 20050913093000.0 | ||
| 008 | 021119s1966 | ||
| 090 | 0 | 0 | |a BL1695 |b .M3 1966 |
| 100 | 0 | |a مكارم, سامي نسيب , |e author | |
| 245 | 0 | 0 | |a اضواء على مسلك التوحيد (الدرزية) |c سامي نسيب مكارم |f قدم له كمال جنبلاط |
| 260 | 2 | |a Bayrut : |b Dar Sadir , |c 1966 | |
| 300 | |a 173 p. ; |c 24 cm. | ||
| 650 | 0 | |a Druzes | |
| 700 | 0 | |a جنبلاط, كمال , |e author | |
| 999 | |a 1000015479 |b Book |c OPEN SHELF (30 DAYS) |e Gong Badak Campus | ||
| 999 | |a 1000015480 |b Book |c OPEN SHELF (30 DAYS) |e Gong Badak Campus | ||